Conversaciones difíciles /

Bibliographic Details
Other Authors: Monrabà, Genís (Translator)
Format: Electronic eBook
Language:Spanish
English
Published: Barcelona, España : Editorial Reverté, [2025]
Series:HBR emotional intelligence series.
Subjects:
Online Access:Digitalia Hispánica

MARC

LEADER 00000nam a2200000Ii 4500
001 DIGREVMGM0104
003 NyNyDIG
006 m o d
007 cr |||||||||||
008 250909s2025 sp o 001 0 spa d
035 |a (OCoLC)1525299204 
040 |a DGITA  |b eng  |e rda  |e pn  |c DGITA 
020 |a 9788429198867  |q pdf 
020 |a 9788429198850  |q ePub 
020 |z 9788410121287  |q papel 
041 1 |a spa  |h eng 
050 1 4 |a HF5718 ebook 
082 0 4 |a 651.7  |2 23 
130 0 |a Having difficult conversations.  |l Spanish  |s (Monrabà) 
245 1 0 |a Conversaciones difíciles /  |c traducción, Genís Monrabà Bueno. 
264 1 |a Barcelona, España :  |b Editorial Reverté,  |c [2025] 
300 |a 1 online resource. 
336 |a text  |b txt  |2 rdacontent 
337 |a computer  |b c  |2 rdamedia 
338 |a online resource  |b cr  |2 rdacarrier 
347 |a text file  |2 rdaft 
347 |b PDF 
347 |b EPUB 
490 1 |a Serie Inteligencia Emocional de HBR 
500 |a Includes index. 
588 0 |a Online resource; title from PDF title page (Digitalia, viewed September 9, 2025) 
650 0 |a Business communication. 
650 0 |a Organizational effectiveness. 
650 0 |a Teams in the workplace. 
700 1 |a Monrabà, Genís,  |e translator.  
791 2 |a Digitalia (Firm),  |e distributor. 
793 0 |g Digitalia eBook Collection:  |a Reverté Management 
776 0 8 |i Print version:  |a Having difficult conversations. Spanish (Monrabà).  |t Conversaciones difíciles.  |d Barcelona, España : Editorial Reverté, [2025]  |z 9788410121287 
830 0 |a HBR emotional intelligence series.  
856 4 0 |3 Digitalia Hispánica  |u https://www.digitaliapublishing.com/a/176003/ 
910 |a Premium collection: 2025